000
00374nam a2200145Ia 4500
008
100122s9999 xx 000 0 und d
082
_b
14925
_a
823.08
100
_a
देसाई रणजित
245
_a
कणव
260
_b
देशमुख आणि कंपनी
_c
1960
300
_a
421
630
_a
कणव
730
_a
कणव
942
_c
BOOK
999
_c
405268
_d
405265